| 000 | nam a22 4500 | ||
|---|---|---|---|
| 999 |
_c30019 _d30019 |
||
| 008 | 190121b xxu||||| |||| 00| 0 eng d | ||
| 022 | _a1876-3413 ( Print) | ||
| 022 | _a18796-3405 (Online) | ||
| 050 | _aRA 441 .I58 2018 | ||
| 100 | _aRoyal Society of Tropical Medicine and Hygiene | ||
| 245 | _aInternatioal health/ | ||
| 260 |
_aOxford : _bOxford University Press, _c2018. |
||
| 300 |
_a405-523p. : _bill. ; _c28 cm. |
||
| 440 |
_aInternational health. _vVol. 10, No. 6. November 2018. |
||
| 650 | _aWolrd health. | ||
| 650 | _aWorld care. | ||
| 650 | _aWorld policy. | ||
| 942 |
_2lcc _cPERIODICAL _hRA 441 .I58 2018 |
||